[Event "Ordzhonikidze zt 1.9"]
[Site "Ordzhonikidze"]
[Date "2000.06.10"]
[Round "2"]
[White "Shneider, Aleksandr"]
[Black "Rogovski, Vladimir"]
[Result "1-0"]
[WhiteElo "2551"]
[BlackElo "2466"]
[EventDate "2000.06.09"]
[PlyCount "65"]

1.d4 Nf6 2.c4 e6 3.Nf3 b6 4.g3 Ba6 5.b3 d5 6.cxd5 exd5 7.Bg2 Bb4+ 8.Bd2 
Bd6 9.Nc3 Nbd7 10.Nh4 Bb7 11.Nf5 Bf8 12.O-O g6 13.Nh6 Be7 14.f4 Ne4 15.
Nxe4 dxe4 16.f5 Bf6 17.Be3 Qe7 18.Rc1 c5 19.dxc5 bxc5 20.b4 g5 21.bxc5 Ne5
22.Qc2 Kf8 23.c6 Nxc6 24.Qxe4 Qxe4 25.Bxe4 Rc8 26.Ng4 Bd4 27.f6 h5 28.Bxc6
Bxe3+ 29.Nxe3 Rxc6 30.Rxc6 Bxc6 31.Rc1 Be8 32.Rc8 Kg8 33.Rxe8+ 1-0

[Event "Ordzhonikidze zt 1.9"]
[Site "Ordzhonikidze"]
[Date "2000.06.10"]
[Round "2"]
[White "Timoshenko, Georgy"]
[Black "Nosenko, Alexander"]
[Result "1/2-1/2"]
[WhiteElo "2584"]
[BlackElo "2427"]
[EventDate "2000.06.09"]
[PlyCount "85"]

1.e4 e6 2.d4 d5 3.Nc3 Bb4 4.e5 b6 5.a3 Bf8 6.Bb5+ c6 7.Ba4 Ba6 8.Nf3 Ne7 
9.Ne2 Bb5 10.Bb3 a5 11.c3 a4 12.Bc2 Qc8 13.O-O Qa6 14.Re1 Nd7 15.Nf4 h6 
16.h4 g6 17.g4 Bg7 18.Kg2 Kd8 19.Be3 Kc7 20.Nd2 Kb7 21.Rc1 Rhf8 22.Bb1 Bc4
23.Nxc4 dxc4 24.Ne2 Rad8 25.Qc2 Nd5 26.Ng3 b5 27.Ne4 Ka8 28.Qe2 N7b6 29.
Rf1 Qa7 30.Bd2 Qe7 31.Kg3 Rh8 32.Rce1 Rdg8 33.Rh1 Qc7 34.Kg2 Bf8 35.Qf3 
Rg7 36.Ng3 Be7 37.Rh3 Qd8 38.Reh1 Ka7 39.Kf1 Ka6 40.Bc2 c5 41.Kg2 cxd4 42.
cxd4 Qc7 43.Ne2 1/2-1/2

[Event "Ordzhonikidze zt 1.9"]
[Site "Ordzhonikidze"]
[Date "2000.06.10"]
[Round "2"]
[White "Zontakh, Andrey"]
[Black "Gritsak, Orest"]
[Result "1/2-1/2"]
[WhiteElo "2576"]
[BlackElo "2522"]
[EventDate "2000.06.09"]
[PlyCount "111"]

1.e4 c5 2.Nf3 e6 3.d4 cxd4 4.Nxd4 a6 5.Bd3 Bc5 6.Nb3 Ba7 7.O-O Nc6 8.c4 
Nge7 9.Nc3 O-O 10.Qe2 d6 11.Be3 e5 12.Rad1 Nd4 13.Bxd4 exd4 14.Nd5 Re8 15.
Kh1 Bd7 16.Qh5 Nxd5 17.cxd5 Re5 18.Qe2 Qh4 19.f4 Ree8 20.Nd2 Rac8 21.f5 
Qh6 22.Rf3 Rc5 23.Rh3 Qf6 24.Qh5 h6 25.g4 Qg5 26.Qxg5 hxg5 27.Kg2 Rec8 28.
Rf3 Rc1 29.Rff1 Rxd1 30.Rxd1 b5 31.Kf3 f6 32.Nb3 Kf7 33.Rc1 Rxc1 34.Nxc1 
Ke7 35.b4 Bb6 36.Nb3 Kf8 37.Kg3 Ke7 38.h4 Bc8 39.Nd2 Bd7 40.Nf3 gxh4+ 41.
Kxh4 Be8 42.Ne1 Kf8 43.Ng2 g5+ 44.fxg6 Bxg6 45.Nf4 Be8 46.Kg3 Bd7 47.Nh5 
Kf7 48.Kf4 Bd8 49.Ng3 Bb6 50.Ne2 Ke7 51.Ng1 Bc8 52.Nf3 Bd7 53.g5 fxg5+ 54.
Nxg5 Kf6 55.Nh7+ Ke7 56.Ng5 1/2-1/2

[Event "Ordzhonikidze zt 1.9"]
[Site "Ordzhonikidze"]
[Date "2000.06.10"]
[Round "2"]
[White "Zubarev, Alexander"]
[Black "Eingorn, Vereslav S"]
[Result "0-1"]
[WhiteElo "2476"]
[BlackElo "2597"]
[EventDate "2000.06.09"]
[PlyCount "96"]

1.e4 c5 2.Nf3 e6 3.d4 cxd4 4.Nxd4 a6 5.Bd3 Qb6 6.c3 d6 7.Be3 Qc7 8.O-O Nf6
9.c4 g6 10.Nc3 Bg7 11.Rc1 O-O 12.h3 Nbd7 13.Nf3 b6 14.Qe2 Bb7 15.Rfd1 Rac8
16.Bf4 Rfe8 17.Bb1 Bf8 18.b3 Ne5 19.Nxe5 dxe5 20.Be3 Nd7 21.Rd3 Bc6 22.Qb2
a5 23.a3 Nc5 24.Rdd1 a4 25.Bxc5 Bxc5 26.b4 Bd4 27.Qe2 Red8 28.Qe1 Bxc3 29.
Qxc3 Rxd1+ 30.Rxd1 Bb5 31.Ba2 Bxc4 32.Bxc4 b5 33.Rc1 Qd6 34.Qe1 bxc4 35.
Rd1 Qc6 36.Qc3 Qxe4 37.b5 h5 38.b6 Qc6 39.Rb1 Rb8 40.Qxe5 Rxb6 41.Rd1 Qe8 
42.Rc1 Qc8 43.Qa5 Qc6 44.Rd1 Rb8 45.Qa7 Ra8 46.Qe7 Re8 47.Rd6 Qc8 48.Qg5 
c3 0-1

[Event "Ordzhonikidze zt 1.9"]
[Site "Ordzhonikidze"]
[Date "2000.06.11"]
[Round "3"]
[White "Anapolsky, Sergey"]
[Black "Timoshenko, Georgy"]
[Result "1/2-1/2"]
[WhiteElo "2448"]
[BlackElo "2584"]
[EventDate "2000.06.09"]
[PlyCount "37"]

1.d4 Nf6 2.Nf3 e6 3.c4 b6 4.g3 Bb7 5.Bg2 Be7 6.O-O O-O 7.Nc3 Ne4 8.Qc2 
Nxc3 9.Qxc3 c5 10.b3 d6 11.Bb2 Bf6 12.Rad1 Qe7 13.Qd2 Nd7 14.dxc5 Bxb2 15.
c6 Bxc6 16.Qxb2 Rfd8 17.Rd4 Nf6 18.Rfd1 b5 19.Ne1 1/2-1/2

[Event "Ordzhonikidze zt 1.9"]
[Site "Ordzhonikidze"]
[Date "2000.06.11"]
[Round "3"]
[White "Gritsak, Orest"]
[Black "Brodsky, Michail"]
[Result "1/2-1/2"]
[WhiteElo "2522"]
[BlackElo "2514"]
[EventDate "2000.06.09"]
[PlyCount "31"]

1.d4 Nf6 2.c4 e6 3.Nf3 b6 4.g3 Bb7 5.Bg2 Be7 6.O-O O-O 7.Nc3 Ne4 8.Bd2 f5 
9.Qc2 Bf6 10.Rad1 Na6 11.a3 c5 12.d5 Bxc3 13.Bxc3 exd5 14.cxd5 d6 15.Nh4 
Nxc3 16.bxc3 1/2-1/2

[Event "Ordzhonikidze zt 1.9"]
[Site "Ordzhonikidze"]
[Date "2000.06.11"]
[Round "3"]
[White "Kruppa, Yuri"]
[Black "Berelowitsch, Alexander"]
[Result "1/2-1/2"]
[WhiteElo "2561"]
[BlackElo "2505"]
[EventDate "2000.06.09"]
[PlyCount "31"]

1.d4 e6 2.c4 f5 3.g3 Nf6 4.Bg2 Bb4+ 5.Nd2 O-O 6.Nf3 d6 7.O-O Bxd2 8.Qxd2 
a5 9.b3 Qe7 10.Ba3 Ne4 11.Qe3 Nf6 12.Ne1 Nc6 13.Nc2 Bd7 14.Rad1 Qf7 15.Qd2
a4 16.f3 1/2-1/2

[Event "Ordzhonikidze zt 1.9"]
[Site "Ordzhonikidze"]
[Date "2000.06.11"]
[Round "3"]
[White "Kuzmin, Gennadi P"]
[Black "Moroz, Alexander"]
[Result "0-1"]
[WhiteElo "2466"]
[BlackElo "2513"]
[EventDate "2000.06.09"]
[PlyCount "84"]

1.e4 c5 2.Nf3 Nc6 3.d4 cxd4 4.Nxd4 e5 5.Nb5 d6 6.N1c3 a6 7.Na3 b5 8.Nd5 
Nce7 9.Bg5 h6 10.Bxb5+ axb5 11.Nxb5 Ra7 12.Nxa7 Qa5+ 13.Qd2 Qxa7 14.Be3 
Qb8 15.O-O Nxd5 16.exd5 Nf6 17.f3 Ba6 18.Rfd1 Be7 19.Qa5 Qb7 20.Qa4+ Bb5 
21.Qb3 Qa6 22.a4 Be2 23.Rd2 Kd7 24.Rxe2 Qxe2 25.Qb7+ Ke8 26.Bb6 Kf8 27.a5 
g5 28.a6 g4 29.fxg4 Qxc2 30.a7 Kg7 31.Rf1 Qxb2 32.Kh1 Qb5 33.Rd1 Qb3 34.
Rf1 Nxd5 35.h3 Bf6 36.a8=Q Rxa8 37.Qxa8 Nxb6 38.Qe4 Qe6 39.Qb7 Nc4 40.Ra1 
e4 41.Ra8 d5 42.Qb8 Kg6 0-1

[Event "Ordzhonikidze zt 1.9"]
[Site "Ordzhonikidze"]
[Date "2000.06.11"]
[Round "3"]
[White "Lerner, Konstantin Z"]
[Black "Mikhaletz, Lubomir"]
[Result "1/2-1/2"]
[WhiteElo "2575"]
[BlackElo "2513"]
[EventDate "2000.06.09"]
[PlyCount "140"]

1.d4 d6 2.Nf3 Bg4 3.c4 Nf6 4.Nc3 Bxf3 5.exf3 e6 6.d5 e5 7.Be2 Nbd7 8.Be3 
Be7 9.f4 exf4 10.Bxf4 Ne5 11.Be3 O-O 12.f4 Ng6 13.h4 Nd7 14.g3 Re8 15.Qd2 
Bf6 16.Bd4 Nc5 17.O-O-O Qe7 18.h5 Nf8 19.h6 g6 20.b4 Ncd7 21.Bf3 Bxd4 22.
Qxd4 Qe3+ 23.Kc2 Qxd4 24.Rxd4 f5 25.Nb5 Rac8 26.g4 a6 27.Nc3 Re3 28.Rd3 
Rce8 29.g5 Nb6 30.Rxe3 Rxe3 31.Be2 Na4 32.Bd3 Nxc3 33.Kxc3 Rf3 34.Rf1 Rh3 
35.Rf2 Nd7 36.Kd4 a5 37.a3 Kf7 38.Kc3 Nb8 39.Kd4 axb4 40.axb4 Na6 41.b5 
Nc5 42.Bc2 Ke7 43.Re2+ Kd7 44.Re3 Rh2 45.Rc3 Re2 46.Bb1 c6 47.bxc6+ bxc6 
48.Ra3 Kc7 49.Ra7+ Nb7 50.dxc6 Kxc6 51.Bd3 Re1 52.Ra6+ Kc7 53.Bc2 Re2 54.
Kc3 Kb8 55.c5 d5 56.c6 Nc5 57.Ra5 d4+ 58.Kxd4 Ne6+ 59.Kc3 Nxf4 60.Rb5+ Kc7
61.Rb7+ Kxc6 62.Rxh7 Nd5+ 63.Kb3 Rh2 64.Rh8 Rh3+ 65.Ka4 Kc5 66.Rc8+ Kd6 
67.Kb5 Ke5 68.Rg8 Nc7+ 69.Kc4 Rh4+ 70.Kd3 Ne6 1/2-1/2

[Event "Ordzhonikidze zt 1.9"]
[Site "Ordzhonikidze"]
[Date "2000.06.11"]
[Round "3"]
[White "Maksimenko, Andrei"]
[Black "Zontakh, Andrey"]
[Result "1/2-1/2"]
[WhiteElo "2495"]
[BlackElo "2576"]
[EventDate "2000.06.09"]
[PlyCount "36"]

1.d4 d5 2.Nf3 Nf6 3.c4 c6 4.Nc3 dxc4 5.a4 Bf5 6.Ne5 e6 7.f3 Bb4 8.e4 Bxe4 
9.fxe4 Nxe4 10.Bd2 Qxd4 11.Nxe4 Qxe4+ 12.Qe2 Bxd2+ 13.Kxd2 Qd5+ 14.Kc2 Na6
15.Nxc4 O-O 16.Qe5 Rab8 17.Rd1 Nb4+ 18.Kc1 Na2+ 1/2-1/2

[Event "Ordzhonikidze zt 1.9"]
[Site "Ordzhonikidze"]
[Date "2000.06.11"]
[Round "3"]
[White "Moiseenko, Alexander"]
[Black "Borovikov, Vladislav"]
[Result "1/2-1/2"]
[WhiteElo "2573"]
[BlackElo "2472"]
[EventDate "2000.06.09"]
[PlyCount "112"]

1.d4 d5 2.c4 c6 3.Nf3 Nf6 4.Nc3 e6 5.Bg5 h6 6.Bxf6 Qxf6 7.e3 Nd7 8.Bd3 
dxc4 9.Bxc4 g6 10.O-O Bg7 11.Rc1 O-O 12.Ne4 Qe7 13.Bb3 b6 14.Ba4 c5 15.Bc6
Rb8 16.Qa4 Nf6 17.Rfd1 cxd4 18.Nxd4 Nxe4 19.Bxe4 Bxd4 20.exd4 Rd8 21.Rc3 
a5 22.Qc2 Bd7 23.Bxg6 fxg6 24.Qxg6+ Qg7 25.Qe4 Kh8 26.Rg3 Qf6 27.Rg6 Qf5 
28.Rxh6+ Kg7 29.Qh4 Rh8 30.Rxh8 Rxh8 31.Qg3+ Kf6 32.h3 Rh7 33.Qd6 Qd5 34.
Qf8+ Rf7 35.Qd8+ Kg6 36.Rd3 Kh7 37.Rg3 Rg7 38.Rxg7+ Kxg7 39.Qxb6 Qxa2 40.
Qa7 Qd5 41.f3 Kf6 42.Qb6 Be8 43.h4 a4 44.Kf2 Qc4 45.g4 Qc2+ 46.Kg3 Qd2 47.
g5+ Kf7 48.Qc7+ Kg8 49.Qd8 Qe1+ 50.Kg2 Qe2+ 51.Kg3 Qe1+ 52.Kf4 Qd2+ 53.Ke5
Qe3+ 54.Kf6 Qxf3+ 55.Kxe6 Qe4+ 56.Kf6 Qf4+ 1/2-1/2

[Event "Ordzhonikidze zt 1.9"]
[Site "Ordzhonikidze"]
[Date "2000.06.11"]
[Round "3"]
[White "Romanishin, Oleg M"]
[Black "Ovsejevitsch, Sergei"]
[Result "1/2-1/2"]
[WhiteElo "2578"]
[BlackElo "2526"]
[EventDate "2000.06.09"]
[PlyCount "57"]

1.Nf3 Nf6 2.c4 c5 3.g3 b6 4.Bg2 Bb7 5.O-O e6 6.Nc3 Be7 7.d4 cxd4 8.Qxd4 
O-O 9.Rd1 Nc6 10.Qf4 Qb8 11.b3 Rd8 12.Bb2 Qxf4 13.gxf4 Na5 14.Rac1 Ne4 15.
Nb5 a6 16.Nc3 Nxc3 17.Bxc3 Rac8 18.Bd4 Bc5 19.Bxc5 bxc5 20.Rd6 Rc6 21.Rcd1
Rxd6 22.Rxd6 Kf8 23.Ne5 Bc8 24.Nd3 Ke7 25.Rb6 d6 26.Rb8 Bd7 27.Rb6 Bc8 28.
Rb8 Bd7 29.Rb6 1/2-1/2

[Event "Ordzhonikidze zt 1.9"]
[Site "Ordzhonikidze"]
[Date "2000.06.11"]
[Round "3"]
[White "Sulypa, Alexandre"]
[Black "Neverov, Valeriy"]
[Result "0-1"]
[WhiteElo "2449"]
[BlackElo "2541"]
[EventDate "2000.06.09"]
[PlyCount "80"]

1.Nf3 d5 2.d4 Nf6 3.c4 e6 4.Nc3 c6 5.Bg5 h6 6.Bxf6 Qxf6 7.e3 Nd7 8.Bd3 
dxc4 9.Bxc4 g6 10.O-O Bg7 11.Rc1 O-O 12.Re1 Rd8 13.Qe2 Qe7 14.e4 c5 15.d5 
Nb6 16.Qf1 Nxc4 17.Qxc4 b6 18.Rcd1 Bb7 19.h3 Rac8 20.a4 a6 21.Re3 Kh7 22.
Qb3 Qc7 23.Qc4 Qe7 24.Qb3 Qc7 25.Qc4 exd5 26.exd5 Rd7 27.d6 Rxd6 28.Rxd6 
Qxd6 29.Qxf7 Rc7 30.Qe8 Qd7 31.Qb8 Qc8 32.Re8 Qxb8 33.Rxb8 Rd7 34.Ne1 b5 
35.axb5 axb5 36.Nxb5 Be5 37.Re8 Bxb2 38.Nc2 Ba6 39.Rb8 Rd1+ 40.Kh2 Be5+ 
0-1

[Event "Ordzhonikidze zt 1.9"]
[Site "Ordzhonikidze"]
[Date "2000.06.12"]
[Round "4"]
[White "Anapolsky, Sergey"]
[Black "Vysochin, Spartak"]
[Result "0-1"]
[WhiteElo "2448"]
[BlackElo "2494"]
[EventDate "2000.06.09"]
[PlyCount "64"]

1.d4 Nf6 2.Nf3 d5 3.c4 c6 4.Nc3 a6 5.a4 e6 6.e3 Bb4 7.Bd3 O-O 8.O-O Nbd7 
9.Qc2 Qe7 10.b3 e5 11.Bf5 e4 12.Nd2 Re8 13.Ndb1 Nf8 14.Bxc8 Raxc8 15.Ba3 
Bxa3 16.Nxa3 Qd6 17.h3 h5 18.Rfc1 h4 19.Qb2 g5 20.cxd5 cxd5 21.Ne2 Ne6 22.
g4 hxg3 23.Nxg3 Kh7 24.Nc2 Kg6 25.Ne1 Rxc1 26.Rxc1 Rh8 27.Qc2 Rxh3 28.Qc8 
Ng4 29.Nf1 Kg7 30.Qxb7 Nxd4 31.Qc7 Qf6 32.Kg2 Rh4 0-1

[Event "Ordzhonikidze zt 1.9"]
[Site "Ordzhonikidze"]
[Date "2000.06.12"]
[Round "4"]
[White "Borovikov, Vladislav"]
[Black "Gritsak, Orest"]
[Result "1-0"]
[WhiteElo "2472"]
[BlackElo "2522"]
[EventDate "2000.06.09"]
[PlyCount "57"]

1.d4 Nf6 2.Nf3 e6 3.c4 d5 4.Nc3 dxc4 5.Bg5 Bb4 6.a3 Bxc3+ 7.bxc3 Nbd7 8.e4
h6 9.Bh4 g5 10.Bg3 Nxe4 11.Bxc4 Nxg3 12.fxg3 c5 13.O-O O-O 14.Qd3 cxd4 15.
cxd4 Qf6 16.h4 Qg7 17.hxg5 hxg5 18.Rae1 Nb6 19.Bb3 Nd5 20.Ne5 a5 21.Bxd5 
exd5 22.Nxf7 Ra6 23.Re5 Rf6 24.Rxf6 Qxf6 25.Nxg5 Qf2+ 26.Kh2 Bf5 27.Qb3 
Kg7 28.Qxb7+ Kf6 29.Qe7+ 1-0

[Event "Ordzhonikidze zt 1.9"]
[Site "Ordzhonikidze"]
[Date "2000.06.12"]
[Round "4"]
[White "Brodsky, Michail"]
[Black "Berelowitsch, Alexander"]
[Result "0-1"]
[WhiteElo "2514"]
[BlackElo "2505"]
[EventDate "2000.06.09"]
[PlyCount "64"]

1.e4 e6 2.d4 d5 3.Nc3 Bb4 4.e5 c5 5.a3 Ba5 6.Bd2 Nc6 7.Qg4 Nge7 8.dxc5 O-O
9.Nf3 f6 10.exf6 Rxf6 11.O-O-O e5 12.Qa4 Bxc3 13.Bxc3 Qc7 14.Bb5 d4 15.Bd2
Bg4 16.Bg5 Rff8 17.Qb3+ Kh8 18.Rde1 Bxf3 19.gxf3 Ng6 20.h4 Nf4 21.Re4 Na5 
22.Qa4 a6 23.Bf1 Ne6 24.b4 Nc6 25.Qb3 a5 26.Qxe6 axb4 27.a4 Rxa4 28.Qd6 
Qf7 29.Bc4 Qxf3 30.Rh3 Qxf2 31.Kb2 Rfa8 32.Rxe5 Qg1 0-1

[Event "Ordzhonikidze zt 1.9"]
[Site "Ordzhonikidze"]
[Date "2000.06.12"]
[Round "4"]
[White "Goloshchapov, Alexander"]
[Black "Nosenko, Alexander"]
[Result "1-0"]
[WhiteElo "2561"]
[BlackElo "2427"]
[EventDate "2000.06.09"]
[PlyCount "135"]

1.e4 e6 2.d4 d5 3.Nc3 Bb4 4.e5 b6 5.a3 Bf8 6.Nf3 Ne7 7.Bb5+ c6 8.Ba4 Ba6 
9.Ne2 Bb5 10.Bxb5 cxb5 11.Nf4 g6 12.g4 Nbc6 13.h4 h6 14.h5 g5 15.Nd3 Qc7 
16.Qe2 a6 17.O-O Bg7 18.c3 Qd7 19.Nh2 Na5 20.Rb1 O-O-O 21.f4 gxf4 22.Bxf4 
Rde8 23.Rf3 Rhf8 24.Rbf1 Ng8 25.Bg3 f6 26.exf6 Rxf6 27.Ne5 Qb7 28.Bh4 Rxf3
29.Nhxf3 Nf6 30.Nd2 Nd7 31.Ng6 Nf8 32.Ne5 Nd7 33.Nf7 Qc6 34.Bg3 Nb7 35.Nf3
Rg8 36.Nd6+ Nxd6 37.Qxe6 Re8 38.Qxd6 Qxd6 39.Bxd6 Re2 40.Re1 Rxb2 41.Re8+ 
Kb7 42.Re7 Kc6 43.Bf4 Bf8 44.Re6+ Kb7 45.Bd6 Rb3 46.Bxf8 Rxc3 47.Kg2 Nxf8 
48.Rxh6 a5 49.Rf6 Rc8 50.g5 b4 51.axb4 axb4 52.Nd2 Rc2 53.Rf2 Ne6 54.g6 b3
55.Kg3 b2 56.Nb1 Rc1 57.Rxb2 Rg1+ 58.Rg2 Rxg2+ 59.Kxg2 Nf4+ 60.Kf3 Nxh5 
61.Kg4 Ng7 62.Nc3 Kc6 63.Kg5 Kd6 64.Kf6 Nh5+ 65.Kf7 Kc6 66.g7 Nxg7 67.Kxg7
b5 68.Na2 1-0

[Event "Ordzhonikidze zt 1.9"]
[Site "Ordzhonikidze"]
[Date "2000.06.12"]
[Round "4"]
[White "Moroz, Alexander"]
[Black "Lerner, Konstantin Z"]
[Result "0-1"]
[WhiteElo "2513"]
[BlackElo "2575"]
[EventDate "2000.06.09"]
[PlyCount "94"]

1.e4 c5 2.Nf3 d6 3.d4 cxd4 4.Nxd4 Nf6 5.Nc3 Nc6 6.Be2 e5 7.Nf3 h6 8.O-O 
Be7 9.Re1 O-O 10.h3 Be6 11.Bf1 Nb8 12.a4 a6 13.a5 Nbd7 14.b3 Qc7 15.Bb2 
Qc6 16.g3 Rfe8 17.Bg2 Rac8 18.Nh2 Qc5 19.Re2 Bd8 20.Na4 Qxa5 21.Qxd6 Be7 
22.Qd1 Qc7 23.Nc3 Bc5 24.Nd5 Bxd5 25.exd5 e4 26.Nf1 h5 27.c4 h4 28.g4 Ne5 
29.Bd4 Nd3 30.Bxc5 Qxc5 31.Ne3 g6 32.Qc2 Nh7 33.Rd2 Ng5 34.Rxd3 exd3 35.
Qxd3 Rcd8 36.Rd1 b6 37.Nc2 a5 38.Nd4 Rd6 39.Kf1 Rf6 40.Rd2 Rf4 41.Nc6 Ne4 
42.Bxe4 Rfxe4 43.Nd4 Qd6 44.Kg2 Re3 45.Qb1 Re1 46.Rd1 Qe5 47.Nf3 Qg3+ 0-1

[Event "Ordzhonikidze zt 1.9"]
[Site "Ordzhonikidze"]
[Date "2000.06.12"]
[Round "4"]
[White "Ovsejevitsch, Sergei"]
[Black "Neverov, Valeriy"]
[Result "1-0"]
[WhiteElo "2526"]
[BlackElo "2541"]
[EventDate "2000.06.09"]
[PlyCount "143"]

1.d4 Nf6 2.c4 e6 3.Nc3 Bb4 4.e3 b6 5.Bd3 Bb7 6.Nf3 Ne4 7.O-O f5 8.Ne5 O-O 
9.Nxe4 fxe4 10.Bc2 Qg5 11.Qg4 Qxg4 12.Nxg4 Be7 13.h3 h5 14.Nh2 c5 15.Bd2 
Na6 16.a3 Rac8 17.Bb3 Bf6 18.Bc3 cxd4 19.exd4 Nc7 20.Rfe1 d5 21.a4 Ne8 22.
cxd5 Bxd5 23.Bd1 g6 24.Nf1 Nd6 25.Ne3 Nc4 26.Nxc4 Rxc4 27.Bb3 Rc7 28.Bc2 
Bxd4 29.Bxd4 Rxc2 30.Rec1 Rfc8 31.Rxc2 Rxc2 32.Ra3 Rd2 33.Be5 Kf7 34.h4 
Ke8 35.Rg3 Kf7 36.Rc3 Rd1+ 37.Kh2 Rd3 38.Rc7+ Ke8 39.Rc8+ Kd7 40.Rc7+ Kd8 
41.Rxa7 e3 42.Bc7+ Kc8 43.fxe3 Rb3 44.e4 Bb7 45.Be5 Rb4 46.a5 Rxe4 47.a6 
Bd5 48.Bd6 Rxh4+ 49.Kg1 Rg4 50.g3 h4 51.Kh2 Rc4 52.gxh4 Rc2+ 53.Kg3 Rxb2 
54.Kf4 Rf2+ 55.Kg5 Be4 56.Kh6 b5 57.Kg7 Rd2 58.Be5 b4 59.Rc7+ Kd8 60.Rc4 
Bd5 61.Rxb4 Ra2 62.Kxg6 Rxa6 63.h5 Rc6 64.h6 Rc4 65.h7 Rxb4 66.h8=Q+ Kd7 
67.Qf8 Rg4+ 68.Kh5 Rc4 69.Qd6+ Kc8 70.Qb6 Kd7 71.Kg5 Rc1 72.Qa7+ 1-0

[Event "Ordzhonikidze zt 1.9"]
[Site "Ordzhonikidze"]
[Date "2000.06.12"]
[Round "4"]
[White "Rogovski, Vladimir"]
[Black "Moiseenko, Alexander"]
[Result "1/2-1/2"]
[WhiteElo "2466"]
[BlackElo "2573"]
[EventDate "2000.06.09"]
[PlyCount "146"]

1.e4 c5 2.Nf3 Nc6 3.Bb5 e6 4.O-O Nge7 5.c3 a6 6.Be2 d5 7.exd5 Nxd5 8.d4 
cxd4 9.Nxd4 Bd6 10.Nxc6 bxc6 11.Bf3 O-O 12.Nd2 f5 13.Nb3 Bb7 14.Nd4 Qf6 
15.c4 Ne7 16.Re1 e5 17.Qb3 Bc5 18.Bg5 Qxg5 19.Ne6 Qf6 20.Nxc5 Bc8 21.Qc3 
Ng6 22.Rad1 Ra7 23.Rd2 Qe7 24.b4 e4 25.Bd1 a5 26.a3 axb4 27.axb4 Qe5 28.
Qxe5 Nxe5 29.Bb3 Ra3 30.Rd6 Nd3 31.Nxd3 Rxb3 32.Ne5 Rxb4 33.Rxc6 Re8 34.
Rc5 Rb2 35.Rd1 Bb7 36.h4 e3 37.f3 Rd2 38.Rb1 Ba8 39.g3 g6 40.Re1 Rb8 41.
Rb5 Rxb5 42.cxb5 Rd5 43.Rxe3 Rxb5 44.Nxg6 Bxf3 45.Nf4 Be4 46.Rc3 Rb7 47.
Kf2 Kf7 48.Ke3 Re7 49.Kd4 Kf6 50.Ra3 Rd7+ 51.Ke3 Bb7 52.Rb3 Re7+ 53.Kf2 
Ke5 54.Rb5+ Ke4 55.Nh3 Kd3 56.Rb3+ Kc2 57.Re3 Be4 58.Ng5 h6 59.Nh3 Ra7 60.
Ke2 Rd7 61.Ra3 Re7 62.Nf4 Rg7 63.Nh5 Re7 64.Kf2 Kd2 65.Nf4 Rc7 66.Ra2+ Rc2
67.Rxc2+ Bxc2 68.Nd5 Bd1 69.Ne7 Bg4 70.Ng8 h5 71.Nf6 Kd3 72.Nd5 Kd2 73.Nf4
Bd1 1/2-1/2

[Event "Ordzhonikidze zt 1.9"]
[Site "Ordzhonikidze"]
[Date "2000.06.12"]
[Round "4"]
[White "Savchenko, Stanislav"]
[Black "Kuzmin, Gennadi P"]
[Result "1/2-1/2"]
[WhiteElo "2574"]
[BlackElo "2466"]
[EventDate "2000.06.09"]
[PlyCount "22"]

1.d4 d5 2.c4 e6 3.Nf3 Nf6 4.g3 Bb4+ 5.Bd2 Be7 6.Bg2 O-O 7.O-O b6 8.cxd5 
exd5 9.Nc3 Bb7 10.Bf4 Na6 11.Rc1 c5 1/2-1/2

[Event "Ordzhonikidze zt 1.9"]
[Site "Ordzhonikidze"]
[Date "2000.06.12"]
[Round "4"]
[White "Timoshenko, Georgy"]
[Black "Sulypa, Alexandre"]
[Result "1/2-1/2"]
[WhiteElo "2584"]
[BlackElo "2449"]
[EventDate "2000.06.09"]
[PlyCount "55"]

1.e4 e5 2.Nf3 Nf6 3.Nxe5 d6 4.Nf3 Nxe4 5.d4 d5 6.Bd3 Nc6 7.O-O Be7 8.c4 
Nb4 9.Be2 O-O 10.Nc3 Be6 11.Ne5 f6 12.Nf3 Rc8 13.Qb3 Nxc3 14.bxc3 dxc4 15.
Bxc4 Bxc4 16.Qxc4+ Nd5 17.Rb1 Rb8 18.a4 c6 19.Qd3 b5 20.axb5 cxb5 21.Rxb5 
Rxb5 22.Qxb5 Nxc3 23.Qa6 Qd7 24.Bd2 Nd5 25.Ra1 Rb8 26.g3 Rb7 27.Kg2 Bd8 
28.h3 1/2-1/2

[Event "Ordzhonikidze zt 1.9"]
[Site "Ordzhonikidze"]
[Date "2000.06.12"]
[Round "4"]
[White "Zontakh, Andrey"]
[Black "Zubov, Alexander"]
[Result "1-0"]
[WhiteElo "2576"]
[BlackElo "2482"]
[EventDate "2000.06.09"]
[PlyCount "75"]

1.e4 d6 2.d4 Nf6 3.Bd3 e5 4.c3 g6 5.Nf3 Nbd7 6.O-O Bg7 7.Bg5 h6 8.Bh4 O-O 
9.Nbd2 Qe8 10.Re1 b6 11.a4 a6 12.Qc2 Bb7 13.b4 Nh5 14.Rab1 Rc8 15.Nc4 Nf4 
16.Bf1 f5 17.Qb3 Kh8 18.dxe5 dxe5 19.Nfd2 g5 20.Bg3 Nxg2 21.Bxg2 f4 22.
Rbd1 Rd8 23.Nf1 Qe6 24.f3 fxg3 25.Nxg3 Nf6 26.Bf1 g4 27.Rxd8 Rxd8 28.fxg4 
Nxg4 29.Qc2 Bf6 30.Qe2 Rg8 31.Bh3 h5 32.Rf1 h4 33.Ne3 hxg3 34.Bxg4 Qe7 35.
hxg3 Bxe4 36.Qh2+ Kg7 37.Bf5 Bb7 38.Bh7 1-0

[Event "Ordzhonikidze zt 1.9"]
[Site "Ordzhonikidze"]
[Date "2000.06.12"]
[Round "4"]
[White "Zubarev, Alexander"]
[Black "Shneider, Aleksandr"]
[Result "1-0"]
[WhiteElo "2476"]
[BlackElo "2551"]
[EventDate "2000.06.09"]
[PlyCount "65"]

1.e4 c5 2.Nf3 d6 3.d4 cxd4 4.Nxd4 Nf6 5.Nc3 a6 6.Be3 e6 7.f3 b5 8.Qd2 Bb7 
9.O-O-O Nbd7 10.g4 Nb6 11.Bd3 Rc8 12.Kb1 d5 13.g5 b4 14.Nce2 dxe4 15.gxf6 
exd3 16.fxg7 Bxg7 17.Qxd3 Nc4 18.Rhg1 Bf6 19.Bc1 Qc7 20.Bg5 Bxg5 21.Rxg5 
Ne5 22.Qe3 Nxf3 23.Rg3 Ne5 24.c3 bxc3 25.Nxc3 Ng6 26.Nxe6 fxe6 27.Qxe6+ 
Qe7 28.Rxg6 hxg6 29.Qxg6+ Qf7 30.Re1+ Kf8 31.Qd6+ Kg8 32.Rg1+ Kh7 33.Qd3+ 
1-0

[Event "Ordzhonikidze zt 1.9"]
[Site "Ordzhonikidze"]
[Date "2000.06.13"]
[Round "5"]
[White "Baklan, Vladimir"]
[Black "Goloshchapov, Alexander"]
[Result "1/2-1/2"]
[WhiteElo "2571"]
[BlackElo "2561"]
[EventDate "2000.06.09"]
[PlyCount "40"]

1.e4 e6 2.d4 d5 3.Nc3 Nf6 4.Bg5 dxe4 5.Nxe4 Be7 6.Bxf6 Bxf6 7.Nf3 O-O 8.
Bc4 Nc6 9.c3 e5 10.d5 Na5 11.Bd3 b6 12.h4 g6 13.h5 Bg4 14.Qa4 Bg7 15.hxg6 
hxg6 16.O-O-O Nb7 17.Nf6+ Qxf6 18.Qxg4 Nd6 19.Kb1 Rfe8 20.Ng5 Qf4 1/2-1/2

[Event "Ordzhonikidze zt 1.9"]
[Site "Ordzhonikidze"]
[Date "2000.06.13"]
[Round "5"]
[White "Berelowitsch, Alexander"]
[Black "Ovsejevitsch, Sergei"]
[Result "1/2-1/2"]
[WhiteElo "2505"]
[BlackElo "2525"]
[EventDate "2000.06.09"]
[PlyCount "76"]

1.e4 c5 2.Nf3 Nc6 3.d4 cxd4 4.Nxd4 g6 5.c4 Bg7 6.Be3 Nf6 7.Nc3 O-O 8.Be2 
d6 9.O-O Bd7 10.Qd2 Nxd4 11.Bxd4 Bc6 12.f3 a5 13.Rab1 Nd7 14.Be3 Nc5 15.
Rfc1 Qb6 16.b3 Rfc8 17.Rc2 Qd8 18.Bf1 Be5 19.a3 Qf8 20.b4 axb4 21.axb4 Ne6
22.g3 Ra3 23.b5 Bd7 24.f4 Bg7 25.Bf2 Nc5 26.Bxc5 Rxc5 27.Nd5 Be6 28.Ra2 
Rxa2 29.Qxa2 Bxd5 30.exd5 Bd4+ 31.Kh1 Rc8 32.Qd2 Bc5 33.Bh3 Ra8 34.Qe2 Qh6
35.Bg2 Qf8 36.Rf1 Ra3 37.f5 Bd4 38.Qg4 Bf6 1/2-1/2

[Event "Ordzhonikidze zt 1.9"]
[Site "Ordzhonikidze"]
[Date "2000.06.13"]
[Round "5"]
[White "Borovikov, Vladislav"]
[Black "Zontakh, Andrey"]
[Result "1/2-1/2"]
[WhiteElo "2472"]
[BlackElo "2576"]
[EventDate "2000.06.09"]
[PlyCount "35"]

1.d4 d5 2.c4 dxc4 3.Nf3 Nf6 4.e3 e6 5.Bxc4 c5 6.O-O a6 7.Bb3 cxd4 8.exd4 
Nc6 9.Nc3 Be7 10.Re1 O-O 11.a3 Qd6 12.Ne4 Nxe4 13.Rxe4 Bf6 14.Bf4 Qd8 15.
Bc2 b5 16.Qd3 g6 17.Bh6 Re8 18.Rd1 1/2-1/2

[Event "Ordzhonikidze zt 1.9"]
[Site "Ordzhonikidze"]
[Date "2000.06.13"]
[Round "5"]
[White "Gritsak, Orest"]
[Black "Rogovski, Vladimir"]
[Result "1-0"]
[WhiteElo "2522"]
[BlackElo "2466"]
[EventDate "2000.06.09"]
[PlyCount "61"]

1.d4 d6 2.c4 e5 3.Nf3 e4 4.Ng5 f5 5.Nc3 Be7 6.Nh3 c6 7.g3 Be6 8.d5 Bf7 9.
f3 Nf6 10.Ng5 O-O 11.Bh3 exf3 12.exf3 g6 13.O-O Nbd7 14.g4 fxg4 15.fxg4 
Ne5 16.Nxf7 Nxf7 17.g5 Nd7 18.Ne4 Nde5 19.Be6 Kg7 20.Qd4 Nxg5 21.Bxg5 Bxg5
22.Rxf8 Kxf8 23.Rf1+ Kg7 24.dxc6 bxc6 25.c5 Kh6 26.Nxd6 Qh8 27.Kg2 Bf6 28.
Nf7+ Nxf7 29.Rxf6 Rf8 30.Bxf7 Rxf7 31.Qf4+ 1-0

[Event "Ordzhonikidze zt 1.9"]
[Site "Ordzhonikidze"]
[Date "2000.06.13"]
[Round "5"]
[White "Kuzmin, Gennadi P"]
[Black "Anapolsky, Sergey"]
[Result "1/2-1/2"]
[WhiteElo "2466"]
[BlackElo "2448"]
[EventDate "2000.06.09"]
[PlyCount "106"]

1.e4 e6 2.d4 d5 3.Nc3 Nf6 4.Bd3 c5 5.exd5 Nxd5 6.Nf3 Nc6 7.dxc5 Nxc3 8.
bxc3 Bxc5 9.O-O h6 10.Rb1 O-O 11.Qe2 Qc7 12.Nd4 Nxd4 13.cxd4 Bd6 14.Kh1 b6
15.c4 Bb7 16.Be3 Bf4 17.Qg4 Bxe3 18.fxe3 f5 19.Qg3 Qxg3 20.hxg3 Rac8 21.
Rb5 Ba6 22.Rb4 Rc7 23.Kg1 Rfc8 24.Rc1 h5 25.Kf2 g6 26.Rc3 Kf7 27.Ke1 Kf6 
28.Rc2 Kg5 29.Be2 Bb7 30.Kf2 Ba6 31.a4 Kf6 32.Rb1 Rc6 33.Rbc1 Kg5 34.e4 
fxe4 35.Ke3 Bb7 36.a5 R6c7 37.Rb2 Bd5 38.Rb5 Kh6 39.g4 Bxc4 40.axb6 axb6 
41.g5+ Kg7 42.Bxc4 Rxc4 43.Ra1 Rc1 44.Ra7+ R8c7 45.Rxc7+ Rxc7 46.Rxb6 Kf7 
47.Kxe4 Rd7 48.Rb5 Ke7 49.Ra5 Rb7 50.Ke5 Rd7 51.Rc5 Ra7 52.Rc6 Ra5+ 53.Rc5
Ra7 1/2-1/2